000 00480nam a22001817a 4500
003 CEME
005 20210628202236.0
008 210301b xxu||||| |||| 00| 0 eng d
020 _a969-35-1172-7
040 _c.
082 _a891.4393 TAR
100 _aMustansar Hussain Tarrar Tarrar, Mustansar Hussain
_958962
245 _aGadhay hamaray bhai hain
260 _aLAHORE
_bSANG-E-MEEL
_c2000
300 _a160P
650 _aURDU ADAB-TANZ-O-MAZA
_958963
942 _cBK
_2ddc
999 _c569027
_d569027